Las tentaciones de Próspero (Record no. 108232)

MARC details
000 -LEADER
campo de control de longitud fija 00528nam a2200169 4500
001 - NÚMERO DE CONTROL
campo de control 108232
003 - IDENTIFICADOR DE NÚMERO DE CONTROL
campo de control ES-MaACL
005 - FECHA Y HORA DE LA ÚLTIMA TRANSACCIÓN
campo de control 20230906184615.0
007 - CAMPO FIJO DE DESCRIPCIÓN FÍSICA--INFORMACIÓN GENERAL
campo de control de longitud fija t|
008 - DATOS DE LONGITUD FIJA--INFORMACIÓN GENERAL
campo de control de longitud fija 061121q19001940fr r ||||1| spa d
100 1# - ENTRADA PRINCIPAL--NOMBRE DE PERSONA
Nombre de persona Montégut, Maurice.
9 (RLIN) 82429
245 14 - MENCIÓN DEL TÍTULO
Título Las tentaciones de Próspero
Resto del título : papeles malditos /
Mención de responsabilidad, etc. Maurice Montégut. Versión española de Ramiro Blanco.
260 ## - PUBLICACIÓN, DISTRIBUCIÓN, ETC.
Lugar de publicación, distribución, etc. París :
Nombre del editor, distribuidor, etc. [s.n.,
Fecha de publicación, distribución, etc. 19--?] (
Fabricante Ph. Renouard)
300 ## - DESCRIPCIÓN FÍSICA
Extensión 319 p. ;
Dimensiones 20 cm.
700 1# - ENTRADA AGREGADA--NOMBRE PERSONAL
Nombre de persona Blanco, Ramiro.
9 (RLIN) 29202
852 ## - LOCALIZACIÓN
Ubicación ES-MaACL
Número de control de estantería D-790
Holdings
Estatus retirado Estado de pérdida Estado de daño No para préstamo Colección Biblioteca de origen Biblioteca actual Ubicación en estantería Fecha de adquisición Fuente de adquisición Total de préstamos Signatura topográfica completa Código de barras Visto por última vez Precio de reemplazo Tipo de ítem Koha
        Libros del s. XIX Biblioteca del Ateneo de Madrid Biblioteca del Ateneo de Madrid Sala Valle Inclán 17/01/2008     D-790 901112938 23/02/2023 23/02/2023 Libro impreso antiguo